La cultura dell'harem

Guardat en:
Dades bibliogràfiques
Autor principal: Chebel Malek
Format: Llibre
Idioma:idioma desconegut
Publicat: Milano Leonardo 1992
Etiquetes: Afegir etiqueta
Sense etiquetes, Sigues el primer a etiquetar aquest registre!

MARC

LEADER 00000nam a2200000Ia 4500
001 48
003 NUMERAZIONE-ORIGINALE-BRESCIA
005 20260206230747.0
008 260206s9999 xx 000 0 und d
100 |a Chebel Malek 
245 0 |a La cultura dell'harem 
260 |a Milano 
260 |b Leonardo 
260 |c 1992 
500 |a Erotismo e sessualit nel Maghreb 
942 |2 ddc  |c BK  |n 0 
952 |0 0  |1 0  |2 ddc  |4 0  |6 21  |7 0  |9 28230  |a BS  |b BS  |d 2026-02-06  |i 48  |l 0  |o 2-1-*  |r 2026-02-06 22:40:31  |w 2026-02-06  |x [REVISIONARE]  |y BK 
999 |c 23930  |d 23930